| 000 | 00448nam a2200193Ia 4500 | ||
|---|---|---|---|
| 005 | 20250603144919.0 | ||
| 008 | 250603s9999 xx 000 0 und d | ||
| 020 | _a9781496364975 | ||
| 050 | _aRC 46 .S65/ | ||
| 100 | _aSmith, Mindy A. | ||
| 245 | 0 | _aEssentials of family medicine | |
| 250 | _a7th ed. | ||
| 260 | _aPhiladelphia | ||
| 260 | _bWolters Kluwer | ||
| 260 | _c2019 | ||
| 300 | _a499 p | ||
| 650 | _aPhiladelphia | ||
| 942 | _cBK | ||
| 999 |
_c40323 _d40323 |
||